Truyện ngắn 50 cây bút nữ

Giới thiệu 50 truyện ngắn của các cây bút nữ như Vang Thị Vàng Anh, Lý Lan, Nguyễn Ngọc Tư, Trần Thùy Mai, ...

Đã lưu trong:
書目詳細資料
主要作者: Nhiều tác giả
其他作者: Đào, Bình Minh
格式: 圖書
語言:Undetermined
出版: H. Thanh niên 2010
主題:
在線閱讀:http://lrc.tdmu.edu.vn/opac/search/detail.asp?aID=2&ID=14912
標簽: 添加標簽
沒有標簽, 成為第一個標記此記錄!
Thư viện lưu trữ: Trung tâm Học liệu Trường Đại học Thủ Dầu Một
LEADER 00963nam a2200217Ia 4500
001 TDMU_14912
008 210410s9999 xx 000 0 und d
082 |a 895.92230134 
090 |b TR527 
100 |a Nhiều tác giả 
245 0 |a Truyện ngắn 50 cây bút nữ 
245 0 |c Nhiều tác giả; Đào Bình Minh, Vũ Thụy An tuyển chọn 
260 |a H. 
260 |b Thanh niên 
260 |c 2010 
300 |a 595tr. 
520 |a Giới thiệu 50 truyện ngắn của các cây bút nữ như Vang Thị Vàng Anh, Lý Lan, Nguyễn Ngọc Tư, Trần Thùy Mai, ... 
650 |a Truyện ngắn Việt Nam  |x Nhà văn nữ  |y Thế kỷ 20; Văn học Việt Nam  |y Thế kỷ 20  |x Truyện ngắn 
700 |a Đào, Bình Minh 
856 |u http://lrc.tdmu.edu.vn/opac/search/detail.asp?aID=2&ID=14912 
980 |a Trung tâm Học liệu Trường Đại học Thủ Dầu Một